Slovenský trh so zemným plynom
Analýza postavenia zemného plynu v slovenskej ekonomike v kontexte prijatých legislatívnych nariadení EÚ a regulácie trhu.
Gespeichert in:
| 1. Verfasser: | |
|---|---|
| Weitere Verfasser: | |
| Format: | Buchkapitel |
| Sprache: | Slowakisch |
| Schlagworte: | |
| Tags: |
Keine Tags, Fügen Sie das erste Tag hinzu!
|
MARC
| LEADER | 00000naa a2200000 4500 | ||
|---|---|---|---|
| 001 | 0142544 | ||
| 005 | 20240530072304.9 | ||
| 041 | 0 | |a slo | |
| 044 | |a SK | ||
| 245 | 1 | 0 | |a Slovenský trh so zemným plynom |c Viera Ružeková, Viktor Biznár |
| 520 | |a Analýza postavenia zemného plynu v slovenskej ekonomike v kontexte prijatých legislatívnych nariadení EÚ a regulácie trhu. | ||
| 610 | 2 | 0 | |a diverzifikácia |
| 610 | 2 | 0 | |a Slovensko |
| 610 | 2 | 0 | |a plyn zemný |
| 610 | 2 | 0 | |a legislatíva |
| 610 | 2 | 0 | |a ceny |
| 610 | 2 | 0 | |a politika energetická |
| 610 | 2 | 0 | |a liberalizácia |
| 610 | 2 | 0 | |a regulácia trhu |
| 100 | 1 | |a Ružeková, Viera, 1957- | |
| 700 | 1 | |a Biznár, Viktor | |